Bodengeoquiz - Uni HD - Statistiken

Allgemein
  • Dieses Quiz wurde 124 mal gespielt
  • Das Durchschnittsergebnis liegt bei 15 aus 25
Antwortstatistiken
Hinweis Antwort % Korrekt
Welche Art von Wasser beschreibt solches, das im Boden aufsteigen kann? Kapillarwasser
91%
Nenne einen Leitboden der feuchten Mittelbreiten. Cambisol, Luvisol
84%
Welches Ion wirkt bspw. beim Pampa-Problem pflanzentoxisch? Aluminium
81%
Wie heißt der Prozess, der die Durchmischung des Bodens durch Tiere beschreibt? Bioturbation
81%
Nenne das dreischichtige Tonmineral, das überwiegend in mitteleuropäischen Böden vorkommt. Illit
79%
Wie nennt man die Verlagerung von Tonmineralien im Boden? Lessivierung
79%
Welcher Boden ist durch Grundwassereinfluss entstanden. Gleysol
74%
Wie bezeichnet man die Verbindung aus Fulvosäuren und Metallionen? Chelate
72%
Um welchen Boden handelt es sich hier: Ak - Ckc - Ck - C? Calcisol
67%
Bei welchem Wert liegt der permanente Welkepunkt? 4,2
66%
Wie bezeichnet man Böden aus natürlichen Materialien, in die der Mensch eingegriffen hat? Anthrosol
66%
Wie bezeichnet man die Ionen Ca, K, Mg, Na im Bezug auf die KAK? Basensättigung
64%
Wie nennt man die roten Böden der Subtropen und Tropen mit denen ein "Problem" einhergeht? Terra Rossa
64%
Wie nennt man den Austausch von Ionen in Tonmineralien? Isomorpher Ersatz
62%
Welches Tonmineral hat einen Basisabstand von 0,7nm? Kaolinit
60%
Welchen Böden findet man am Übergang zwischen Steppen und Trockengebieten? Kastanozem
57%
Welche Verbindung ist wesentlich dafür verantwortlich, dass Böden rot gefärbt sind. Hämatit
55%
Welcher Landwirtschaftsboden verursacht ca. 110 Mio t Methan pro Jahr? Nassreis
53%
Ein Eluvialhorizont ist ein Horizont, aus dem Stoffe ausgewaschen wurden. Welcher bildet sich meist zwngsläufig darunter? Illuvialhorizont
48%
Wie heißt das charakteristische Relief, das sich bei Trocknung der Vertisols ausbildet? Gilgai-Relief
41%
Wie bezeichnet man die mit Plastikfolie bedeckten Enarenado-Kulturen? Invernadero
40%
Wie bezeichnet man einen Oberboden mit mindestens 1% Humus? Mollic A
40%
Welche Vorsilbe haben Böden mit Stauwassereinfluss in der WRB? Stagnic
38%
Wie bezeichnet man den Prozess der Degradation im Mittelmeer-Raum? Mediterraneisierung
28%
Welcher Prozess sorgt für eine Rückgewinnung von Nährstoffen in den Polargebieten? Waldbrände
22%
Keine übereinstimmenden Quizze gefunden
Verteilung der Resultate
Anzahl Personen mit jedem Resultat
Perzentil nach korrekt beantworteten Fragen
Ihre Resultats-Entwicklung
Sie haben dieses Quiz noch nicht gespielt